<?xml version="1.0" encoding="UTF-8"?>
<collection xmlns="http://www.loc.gov/MARC21/slim">
    <record>
        <controlfield tag="001">86341</controlfield>
        <controlfield tag="005">20191212092825.0</controlfield>
        <datafield tag="024" ind1="8" ind2=" ">
            <subfield code="2">sideral</subfield>
            <subfield code="a">115159</subfield>
        </datafield>
        <datafield tag="037" ind1=" " ind2=" ">
            <subfield code="a">ART-2018-115159</subfield>
        </datafield>
        <datafield tag="041" ind1=" " ind2=" ">
            <subfield code="a">spa</subfield>
        </datafield>
        <datafield tag="100" ind1=" " ind2=" ">
            <subfield code="0">(orcid)0000-0003-1343-3449</subfield>
            <subfield code="a">Lacruz Mantecón, Miguel Luis</subfield>
            <subfield code="u">Universidad de Zaragoza</subfield>
        </datafield>
        <datafield tag="245" ind1=" " ind2=" ">
            <subfield code="a">Comentario a las sentencias del Tribunal Constitucional 40 y 41/2018, de 26 de abril de 2018</subfield>
        </datafield>
        <datafield tag="260" ind1=" " ind2=" ">
            <subfield code="c">2018</subfield>
        </datafield>
        <datafield tag="506" ind1="0" ind2=" ">
            <subfield code="a">Access copy available to the general public</subfield>
            <subfield code="f">Unrestricted</subfield>
        </datafield>
        <datafield tag="520" ind1="3" ind2=" ">
            <subfield code="a">EStudio sobre las sentencias del TRIBUNAL CONSTITUCIONAL números 40 y 41/2018, de 26 de abril de 2018 y de la solución ofrecida a la competencia foral sobre bienes mostrencos o vacantes de carácter inmueble o los depósitos o cuentas corrientes abandonadas en instituciones financieras. Sumario: 1. La cuestión debatida: La competencia autonómico-foral sobre los bienes vacantes. 2. La Sentencia 40/2018 y la Ley de Patrimonio de Navarra. 3. La Sentencia 41/2018 y la inconstitucionalidad de la Ley aragonesa. 4. La nueva Ley de patrimonio de Aragón, Decreto Legislativo 4/2013, de 17 diciembre. 5. La decisión del Tribunal Constitucional y su argumentación. 5.1 La decisión frente a la Ley navarra. 5.2 La decisión del Tribunal frente a la Ley aragonesa. 6. Una visión crítica de la jurisprudencia constitucional sobre bienes vacantes.</subfield>
        </datafield>
        <datafield tag="540" ind1=" " ind2=" ">
            <subfield code="9">info:eu-repo/semantics/openAccess</subfield>
            <subfield code="a">by-nc-nd</subfield>
            <subfield code="u">http://creativecommons.org/licenses/by-nc-nd/3.0/es/</subfield>
        </datafield>
        <datafield tag="655" ind1=" " ind2="4">
            <subfield code="a">info:eu-repo/semantics/article</subfield>
            <subfield code="v">info:eu-repo/semantics/publishedVersion</subfield>
        </datafield>
        <datafield tag="710" ind1="2" ind2=" ">
            <subfield code="1">4004</subfield>
            <subfield code="2">130</subfield>
            <subfield code="a">Universidad de Zaragoza</subfield>
            <subfield code="b">Dpto. Derecho Privado</subfield>
            <subfield code="c">Área Derecho Civil</subfield>
        </datafield>
        <datafield tag="773" ind1=" " ind2=" ">
            <subfield code="g">2018, 24 (2018), 215-238</subfield>
            <subfield code="p">Rev. derecho civ. aragon.</subfield>
            <subfield code="t">Revista de derecho civil aragonés</subfield>
            <subfield code="x">1135-9714</subfield>
        </datafield>
        <datafield tag="856" ind1="4" ind2="1">
            <subfield code="u">https://ifc.dpz.es/recursos/publicaciones/37/89/08lacruz.pdf</subfield>
            <subfield code="z">Texto completo de la revista</subfield>
        </datafield>
        <datafield tag="856" ind1="4" ind2=" ">
            <subfield code="s">104884</subfield>
            <subfield code="u">http://zaguan.unizar.es/record/86341/files/texto_completo.pdf</subfield>
            <subfield code="y">Versión publicada</subfield>
        </datafield>
        <datafield tag="856" ind1="4" ind2=" ">
            <subfield code="s">46507</subfield>
            <subfield code="u">http://zaguan.unizar.es/record/86341/files/texto_completo.jpg?subformat=icon</subfield>
            <subfield code="x">icon</subfield>
            <subfield code="y">Versión publicada</subfield>
        </datafield>
        <datafield tag="909" ind1="C" ind2="O">
            <subfield code="o">oai:zaguan.unizar.es:86341</subfield>
            <subfield code="p">articulos</subfield>
            <subfield code="p">driver</subfield>
        </datafield>
        <datafield tag="951" ind1=" " ind2=" ">
            <subfield code="a">2019-12-12-08:56:47</subfield>
        </datafield>
        <datafield tag="980" ind1=" " ind2=" ">
            <subfield code="a">ARTICLE</subfield>
        </datafield>
    </record>

    
</collection>